00740nam a2200169 a 450000100100000000500170001000800410002704000250006808200150009311001070010824500360021526001520025130000280040304900090043195201130044099900170055300002802520200930031304.0110406s1996 dr a 000 0 spa d aDO-SdBNPbspacBNPHU axxxbR426r1 aRepública DominicanabSecretaría de Estado de Deportes, educación Física y Recreación93699710aReglas oficiales del béisbol. aSanto Domingo :bSecretaría de Estado de Deportes, educación Física y Recreación ;bFederación Dominicana de Béisbol Aficionado,c1996. a108 p. :bil. ;c22 cm. aBNPD 0010718PDaPDbPDcHDd2011-04-06iLF1l0oxxx R426rp28025-10r2020-06-25w2020-06-25yLFPDZNo se presta c27517d27517